000 00425nam a22001817a 4500
003 MPLRDC
005 20220104123303.0
008 210129b ||||| |||| 00| 0 eng d
020 _a962-257-225-1
082 _a857.621 DJ-3
100 _a杜渐
245 _a海魔
_c
260 _a
_b天地图书有限公司
_c1990
300 _b
490 _a科幻小说
650 _a科幻小说
942 _cBK
_o857.621 DJ-3
999 _c10089
_d10079